<?xml version="1.0" encoding="UTF-8"?><?xml-stylesheet type="text/xsl" href="static/style.xsl"?><OAI-PMH xmlns="http://www.openarchives.org/OAI/2.0/" xmlns:xsi="http://www.w3.org/2001/XMLSchema-instance" xsi:schemaLocation="http://www.openarchives.org/OAI/2.0/ http://www.openarchives.org/OAI/2.0/OAI-PMH.xsd"><responseDate>2026-06-01T19:57:27Z</responseDate><request verb="GetRecord" identifier="oai:riuma.uma.es:10630/20642" metadataPrefix="marc">https://riuma.uma.es/rest/oai/request</request><GetRecord><record><header><identifier>oai:riuma.uma.es:10630/20642</identifier><datestamp>2026-02-03T10:27:17Z</datestamp><setSpec>com_10630_1685</setSpec><setSpec>col_10630_38056</setSpec></header><metadata><record xmlns="http://www.loc.gov/MARC21/slim" xmlns:dcterms="http://purl.org/dc/terms/" xmlns:doc="http://www.lyncode.com/xoai" xmlns:xsi="http://www.w3.org/2001/XMLSchema-instance" xsi:schemaLocation="http://www.loc.gov/MARC21/slim http://www.loc.gov/standards/marcxml/schema/MARC21slim.xsd">
   <leader>00925njm 22002777a 4500</leader>
   <datafield ind2=" " ind1=" " tag="042">
      <subfield code="a">dc</subfield>
   </datafield>
   <datafield ind2=" " ind1=" " tag="720">
      <subfield code="a">Pablo Ramírez, Alejandro de</subfield>
      <subfield code="e">author</subfield>
   </datafield>
   <datafield ind2=" " ind1=" " tag="260">
      <subfield code="c">2020-12-22</subfield>
   </datafield>
   <datafield ind2=" " ind1=" " tag="520">
      <subfield code="a">El Oconograma de la palanca es un proyecto de espacio expositivo&#xd;
que explora en las posibilidades funcionales y simbólicas de la palanca como estrategia lúdica con la que generar cambios diversos.&#xd;
El jugador, ante la ambigüedad de un juego construido a partir de&#xd;
sus propias decisiones, debe posicionarse, elegir que resistencia&#xd;
vencer, debe decidir su palanca y punto de apoyo.&#xd;
Su entidad de máquina primitiva se equipara o se contrapone,&#xd;
con acento irónico, a máquinas y usos contemporáneos, cuestionando la manera en la que nos relacionamos con los objetos, que&#xd;
usos les damos a estos o como los consumimos.&#xd;
Oconograma de la palanca propone jugar, divertirse en base a incognitas/metas difusas, que cantan a la imposibilidad de una única solución, a la multiplicidad de estrategias y al palo.</subfield>
   </datafield>
   <datafield ind1="8" ind2=" " tag="024">
      <subfield code="a">https://hdl.handle.net/10630/20642</subfield>
   </datafield>
   <datafield tag="653" ind2=" " ind1=" ">
      <subfield code="a">Bellas Artes - Trabajos Fin de Master</subfield>
   </datafield>
   <datafield tag="653" ind2=" " ind1=" ">
      <subfield code="a">Juegos</subfield>
   </datafield>
   <datafield ind2="0" ind1="0" tag="245">
      <subfield code="a">Oconograma de la palanca</subfield>
   </datafield>
</record>
</metadata></record></GetRecord></OAI-PMH>